Statistiken für Geschichte von Paris

Klicken Sie hier um das Quiz zu spielen!

Allgemein

  • Dieses Quiz wurde 1.519 mal gespielt
  • Das Durchschnittsergebnis liegt bei 12 aus 20

Antwortstatistiken

FrageAntwort% Korrekt
Welches Pariser Wahrzeichen war von 1889 bis 1930 das höchste
menschengemachte Gebäude?
Eiffelturm
88%
Welche Gefängnis wurde am 14. Juli 1789 durch einen Mob gestürmt?Bastille
87%
Welche berühmte gotische Kathedrale wurde 1345 nach fast 200 Jahren Bau vollendet?Notre-Dame
de Paris
86%
Welcher Königspalast wurde 1793 in ein Kunstmuseum umgebaut?Der Louvre
79%
Welche Zivilisation errichtete die Stadt Lutetia im Jahr 52 n.Chr?Die Römer
76%
Welches Rennen, das in Paris beginnt und endet, wurde 1903 zum ersten Mal ausgetragen?Tour de France
76%
Welche Satirezeitung wurde von islamistischen Extremisten attackiert,
nachdem es einen Mohammed-Cartoon veröffentlichte?
{Charlie} Hebdo
73%
Welche Königin wurde 1793 enthauptet?Marie Antoinette
73%
Zu welcher unterirdischen Stelle wurden im 18. Jh. mehr als 6 Millionen
sterbliche Überreste hingebracht?
Die {Katakomben}
64%
Welches Getränk wurde in Paris 1669, nach einem Besuch des
osmanischen Botschafters populär?
Kaffee
60%
Welche Gruppe von Personen wurde in der Bartholomäusnacht 1572 brutal ermordet?Hugenotten
56%
Welches Land belagerte und eroberte Paris 1871?Preußen
56%
Welche Erfindung wurde 1783 von den Gebrüdern Montgolfier zum ersten Mal vorgestellt?Heißluftballon
53%
Welcher Stamm, geführt von Clovis, legte 511 Paris als Hauptstadt fest?Die Franken
48%
Welche Personengruppen attackierten Paris mehrmals in den 800ern
und verbrannten viele Kirchen?
Wikinger
40%
Welchen Tanz hätten Sie im Moulin Rouge im die Jahrhundertwende
am wahrscheinlichsten gesehen?
Can-Can
39%
Die Führer welcher Gruppe wurden 1307 auf König Philipp's Anordnung
auf dem Scheiterhaufen verbrannt?
{Templer}orden
36%
Welcher Typ von breiten Straßen wurde während Haussmanns Renovation
von Paris 1853-1870 gebaut?
Boulevards
30%
Welcher radikal-sozialistische Stadtrat herrschte 1871 während 60 Tagen über Paris?Pariser {Kommune}
24%
Welche berühmte jährliche Kunstausstellung wurde durch die
Académie des Beaux-Arts organisiert?
Salon de Paris
8%

Verteilung der Resultate

Perzentil nach korrekt beantworteten Fragen

Anzahl Personen mit jedem Resultat

Ihre Resultats-Entwicklung

Sie haben dieses Quiz noch nicht gespielt